[Event "LTU chess league"]
[Site "LTU"]
[Date "2008.11.08"]
[Round "1.11"]
[White "Asauskas, Henrikas"]
[Black "Macenis, Audrius"]
[Result "1-0"]
[WhiteElo "2323"]
[BlackElo "2165"]
[PlyCount "77"]
[EventDate "2008.11.08"]

1. e4 e6 2. d4 d5 3. Nc3 Nf6 4. Bg5 dxe4 5. Nxe4 Nbd7 6. Nf3 Be7 7. Nxf6+ Bxf6
8. h4 c5 9. Bd3 cxd4 10. Qe2 Qa5+ 11. Bd2 Qb6 12. O-O-O Nc5 13. Bg5 Bd7 14.
Bxf6 gxf6 15. Nxd4 Nxd3+ 16. Rxd3 O-O-O 17. Rhd1 e5 18. Rb3 Qa5 19. Qf3 Qa6 20.
Nf5 Bxf5 21. Qxf5+ Kb8 22. Rbd3 Rxd3 23. Rxd3 Rc8 24. Qd7 Qc4 25. Qd6+ Ka8 26.
Rc3 Qf1+ 27. Qd1 Qxd1+ 28. Kxd1 Rxc3 29. bxc3 f5 30. Ke2 Kb8 31. Kf3 h5 32. c4
Kc7 33. g3 Kc6 34. Ke3 Kc5 35. f3 Kxc4 36. g4 Kd5 37. gxh5 Ke6 38. h6 Kf6 39.
h5 1-0

[Event "LTU chess league"]
[Site "LTU"]
[Date "2008.11.08"]
[Round "1.12"]
[White "Vasylius, Kestutis"]
[Black "Savickas, Airidas"]
[Result "0-1"]
[WhiteElo "2105"]
[BlackElo "2358"]
[PlyCount "84"]
[EventDate "2008.11.08"]

1. e4 d6 2. d4 Nf6 3. Nc3 c6 4. Be2 e5 5. Nf3 Nbd7 6. O-O Be7 7. a4 Qc7 8. Bg5
Nf8 9. h3 Ng6 10. Qd3 h6 11. Be3 Nh5 12. Qd2 Nhf4 13. Bc4 O-O 14. Ne2 Nxe2+ 15.
Qxe2 b6 16. Rad1 Re8 17. c3 Bf8 18. Qc2 Qe7 19. Qb3 Qf6 20. Nd2 Nf4 21. Bxf4
Qxf4 22. d5 c5 23. a5 Rb8 24. axb6 axb6 25. Bb5 Re7 26. Qc2 f5 27. f3 Rf7 28.
exf5 Bxf5 29. Ne4 Ra7 30. Qe2 Qh4 31. Bc6 Be7 32. Ra1 Rxa1 33. Rxa1 Rf8 34. Ra6
Bxe4 35. Qxe4 Qg3 36. Rxb6 Bg5 37. Bd7 Bf4 38. Be6+ Kh8 39. Rb7 Qh2+ 40. Kf1
Bg3 41. Qe3 Qh1+ 42. Qg1 Rxf3+ 0-1

[Event "LTU chess league"]
[Site "LTU"]
[Date "2008.11.08"]
[Round "1.13"]
[White "Kalvaitis, Sigitas"]
[Black "Setkauskas, Vaidas"]
[Result "1/2-1/2"]
[WhiteElo "2230"]
[BlackElo "2065"]
[PlyCount "82"]
[EventDate "2008.11.08"]

1. e4 c5 2. Nf3 Nc6 3. Bb5 g6 4. c3 a6 5. Ba4 b5 6. Bc2 d6 7. O-O Bg7 8. d4
cxd4 9. Nxd4 Bb7 10. a4 Nf6 11. Qe2 O-O 12. f3 b4 13. Nxc6 Bxc6 14. Be3 bxc3
15. Nxc3 Qa5 16. Bd3 Nd7 17. Bc4 Rab8 18. Ra2 Nc5 19. Bd2 Qb6 20. a5 Qc7 21. b4
Nd7 22. Rb1 Bxc3 23. Bxc3 Bb5 24. Bxb5 axb5 25. Rc2 Rfc8 26. Rbc1 Qc4 27. Qxc4
Rxc4 28. Bb2 Rxb4 29. Rc8+ Rxc8 30. Rxc8+ Nf8 31. a6 Ra4 32. Ra8 e5 33. a7 Kg7
34. Bc1 Ne6 35. Be3 Nd4 36. Bg5 b4 37. Be7 Nb5 38. Rb8 Nxa7 39. Bxd6 Kf6 40.
Bxb4 Nc6 41. Rb6 Rxb4 1/2-1/2

[Event "LTU chess league"]
[Site "LTU"]
[Date "2008.11.08"]
[Round "1.15"]
[White "Domarkaite, Laima"]
[Black "Zalimaite, Ieva"]
[Result "0-1"]
[WhiteElo "2165"]
[BlackElo "1857"]
[PlyCount "116"]
[EventDate "2008.11.08"]

1. e4 e6 2. d4 d5 3. Nd2 c5 4. exd5 Qxd5 5. Ngf3 cxd4 6. Bc4 Qd6 7. O-O Nf6 8.
Nb3 Nc6 9. Nbxd4 Nxd4 10. Nxd4 a6 11. c3 Qc7 12. Qe2 Bd7 13. Bg5 O-O-O 14. Rad1
Bd6 15. Nf3 Bc6 16. h3 h6 17. Bxf6 gxf6 18. Nd4 Rhg8 19. Nxc6 Qxc6 20. f3 b5
21. Bb3 Qc5+ 22. Kh1 Qg5 23. f4 Bxf4 24. Rxd8+ Rxd8 25. Qf3 Bc7 26. Qa8+ Kd7
27. Rd1+ Ke7 28. Rxd8 Bxd8 29. Qb7+ Kf8 30. Qd7 f5 31. Qd1 Bc7 32. Kg1 Qe3+ 33.
Kh1 Qf2 34. Bc2 e5 35. Bd3 e4 36. Be2 e3 37. Bf3 Qxb2 38. Qe2 Qxc3 39. g4 fxg4
40. Bxg4 Qe5 41. Kg1 f5 42. Bf3 Qg3+ 43. Bg2 Ke7 44. Kf1 a5 45. Qc2 Bd6 46.
Qxf5 e2+ 47. Kxe2 Qxg2+ 48. Kd3 Qg3+ 49. Ke4 Qg5 50. Qh7+ Ke6 51. Qa7 Qg2+ 52.
Kd3 Qxh3+ 53. Kc2 a4 54. Qa6 Qf1 55. Qc8+ Ke7 56. Qb7+ Kf6 57. Qb6 Qe2+ 58. Kc1
Ke5 0-1

[Event "LTU chess league"]
[Site "LTU"]
[Date "2008.11.08"]
[Round "1.21"]
[White "Sakalauskas, Vaidas"]
[Black "Narmontas, Matas"]
[Result "1/2-1/2"]
[WhiteElo "2404"]
[BlackElo "2381"]
[PlyCount "72"]
[EventDate "2008.11.08"]

1. d4 d5 2. c4 c6 3. Nc3 e5 4. dxe5 d4 5. Ne4 Qa5+ 6. Bd2 Qxe5 7. Ng3 Nf6 8.
Nf3 Qc5 9. a3 Qxc4 10. e4 Qc5 11. Bb4 Qb6 12. Bxf8 Rxf8 13. Qxd4 Be6 14. Qxb6
axb6 15. Nd4 Nbd7 16. f3 g6 17. Kf2 Ke7 18. Be2 Rad8 19. Rhd1 Ne5 20. Rac1 c5
21. Nb5 Bb3 22. Rxd8 Rxd8 23. Ke3 Nc6 24. Bc4 Ne5 25. Be2 Nc6 26. Bc4 Bxc4 27.
Rxc4 Rd1 28. Ne2 Ne5 29. Rc3 Rb1 30. Rc2 Rxb2 31. Rxb2 Nc4+ 32. Kd3 Nxb2+ 33.
Kc3 Nd1+ 34. Kd2 Nb2 35. Kc3 Nd1+ 36. Kd2 Nb2 1/2-1/2

[Event "LTU chess league"]
[Site "LTU"]
[Date "2008.11.08"]
[Round "1.22"]
[White "Narmontas, Tauras"]
[Black "Kudzma, Laimonas"]
[Result "1/2-1/2"]
[WhiteElo "2279"]
[BlackElo "2255"]
[PlyCount "50"]
[EventDate "2008.11.08"]

1. e4 c5 2. Ne2 Nf6 3. Nbc3 e5 4. g3 d5 5. exd5 Nxd5 6. Bg2 Be6 7. O-O Nc6 8.
d3 Be7 9. f4 Qd7 10. fxe5 Nxe5 11. Nf4 Nxf4 12. Bxf4 Nc6 13. Ne4 O-O 14. Be3 b6
15. Nc3 Rad8 16. Qh5 Bg4 17. Qd5 Nb4 18. Qxd7 Rxd7 19. Rf2 Be6 20. Re1 Bf6 21.
a3 Nd5 22. Nxd5 Bxd5 23. b3 Re8 24. Bxd5 Rxd5 25. Kf1 Rde5 1/2-1/2

[Event "LTU chess league"]
[Site "LTU"]
[Date "2008.11.08"]
[Round "1.23"]
[White "Limontaite, Simona"]
[Black "Dubovikas, Tomas"]
[Result "0-1"]
[WhiteElo "2197"]
[BlackElo "2185"]
[PlyCount "64"]
[EventDate "2008.11.08"]

1. d4 c5 2. d5 e5 3. e4 d6 4. Nc3 g6 5. Bd3 Bg7 6. h3 Nf6 7. Nf3 a6 8. a4 O-O
9. Ne2 c4 10. Bxc4 Nxe4 11. O-O Nd7 12. c3 f5 13. Bb3 h6 14. Bc2 Ndf6 15. Nd2
Ng5 16. f4 Qb6+ 17. Kh2 Nf7 18. Nc4 Qc5 19. Ne3 Re8 20. Qd2 Nh5 21. g3 Bd7 22.
a5 Re7 23. Ng2 Nf6 24. Rd1 Bb5 25. Ng1 Rae8 26. Ba4 exf4 27. Nxf4 Re2+ 28.
Nfxe2 Qf2+ 29. Kh1 Rxe2 30. Nxe2 Bxe2 31. Rg1 Ne4 32. Qc2 Bf3+ 0-1

[Event "LTU chess league"]
[Site "LTU"]
[Date "2008.11.08"]
[Round "1.24"]
[White "Ralys, Vincas"]
[Black "Ziogaite, Jovita"]
[Result "0-1"]
[WhiteElo "1900"]
[BlackElo "2093"]
[PlyCount "74"]
[EventDate "2008.11.08"]

1. e4 c5 2. Nf3 Nc6 3. d4 cxd4 4. Nxd4 Nf6 5. Nc3 e5 6. Ndb5 d6 7. Bg5 a6 8.
Na3 b5 9. Nd5 Be7 10. Bxf6 Bxf6 11. c3 Ne7 12. Nxf6+ gxf6 13. Bd3 Bb7 14. Nc2
d5 15. Qe2 f5 16. exd5 e4 17. Bxb5+ axb5 18. Qxb5+ Qd7 19. Qb4 Nxd5 20. Qd4 Rg8
21. O-O-O O-O-O 22. c4 Nf4 23. Qc5+ Qc7 24. Qxf5+ Kb8 25. Ne3 Nd3+ 26. Kb1 Rg6
27. Rd2 Rdd6 28. Nd5 Qxc4 29. Ne3 Qb4 30. Rc2 Rc6 31. Re2 Bc8 32. Qxf7 Be6 33.
Qxh7 Ra6 34. a3 Qb3 35. Nd1 Rc6 36. Nc3 Rxc3 37. Qh8+ Rc8 0-1

[Event "LTU chess league"]
[Site "LTU"]
[Date "2008.11.08"]
[Round "1.25"]
[White "Batkovskyte, Dominyka"]
[Black "Paulauskaite, Gintare"]
[Result "1-0"]
[WhiteElo "1972"]
[BlackElo "2044"]
[PlyCount "75"]
[EventDate "2008.11.08"]

1. d4 Nf6 2. c4 g6 3. Nc3 Bg7 4. Nf3 d6 5. Bg5 h6 6. Bh4 O-O 7. e3 g5 8. Bg3
Nh5 9. Qc2 Nd7 10. Be2 c5 11. Nxg5 Nhf6 12. Nf3 Nh5 13. Rd1 f5 14. Bh4 cxd4 15.
Nxd4 Bxd4 16. Rxd4 Ndf6 17. c5 Qc7 18. cxd6 exd6 19. Qd1 Qf7 20. Rxd6 Kh7 21.
Nd5 Be6 22. Nxf6+ Nxf6 23. Bxf6 Qxf6 24. Bc4 Rae8 25. Bxe6 Rxe6 26. Rd7+ Rf7
27. Rxf7+ Qxf7 28. O-O Rg6 29. b3 Qe6 30. Qf3 Rg7 31. Rd1 Rd7 32. Rc1 b6 33. g3
Kg6 34. Qf4 Qd5 35. Qc4 Qd2 36. Qe6+ Kg7 37. Qe5+ Kf7 38. Qxf5+ 1-0

[Event "LTU chess league"]
[Site "LTU"]
[Date "2008.11.08"]
[Round "1.31"]
[White "Zilinskas, Vaidas"]
[Black "Burstein, Roman"]
[Result "1/2-1/2"]
[WhiteElo "2131"]
[BlackElo "2331"]
[PlyCount "94"]
[EventDate "2008.11.08"]

1. e4 c5 2. Nc3 Nc6 3. Bb5 Nd4 4. Bc4 g6 5. Nf3 Bg7 6. Nxd4 cxd4 7. Ne2 Nf6 8.
d3 d5 9. exd5 Nxd5 10. Nf4 Nb6 11. Bb3 O-O 12. O-O e5 13. Ne2 Bg4 14. f3 Bd7
15. Bd2 a5 16. a4 Bc6 17. Qe1 Nd7 18. Bc4 Nc5 19. b4 axb4 20. Bxb4 Qd6 21. Ng3
b6 22. Ne4 Qe7 23. a5 Bxe4 24. fxe4 bxa5 25. Rxa5 Rxa5 26. Bxa5 Kh8 27. Qb4 f5
28. Bb6 Rc8 29. exf5 gxf5 30. Rxf5 Bh6 31. Bxc5 Qxc5 32. Qxc5 Rxc5 33. Kf2 Kg7
34. Kf3 e4+ 35. Kxe4 Rxf5 36. Kxf5 Bd2 37. Bd5 Bc3 38. Bb3 Ba5 39. c4 dxc3 40.
d4 Bb6 41. d5 Kf7 42. d6+ Ke8 43. Ba4+ Kd8 44. Ke4 Bc5 45. Kd5 Be3 46. Ke4 Bc1
47. h4 Bd2 1/2-1/2

[Event "LTU chess league"]
[Site "LTU"]
[Date "2008.11.08"]
[Round "1.32"]
[White "Rositsan, Boris"]
[Black "Tamosaitis, Rimas"]
[Result "1-0"]
[WhiteElo "2228"]
[BlackElo "2196"]
[PlyCount "61"]
[EventDate "2008.11.08"]

1. e4 g6 2. d4 Bg7 3. Nc3 c6 4. Bf4 Qb6 5. e5 Qxb2 6. Ne4 f5 7. Rb1 Qxa2 8. Nd2
Qa5 9. Ngf3 b5 10. Bd3 e6 11. O-O Ne7 12. c4 a6 13. Bg5 h6 14. Bxe7 Kxe7 15.
Ra1 Qb6 16. cxb5 cxb5 17. Qb3 Qb7 18. g4 Bf8 19. Rfc1 Nc6 20. d5 Nd8 21. d6+
Ke8 22. Rc7 Qb8 23. Nh4 Rg8 24. Kf1 Nf7 25. gxf5 gxf5 26. Nxf5 Nxe5 27. Be4 Nc6
28. Re1 Kd8 29. Bxc6 dxc6 30. Rxe6 Bd7 31. Re7 1-0

[Event "LTU chess league"]
[Site "LTU"]
[Date "2008.11.08"]
[Round "1.33"]
[White "Narmontas, Raimondas"]
[Black "Baliasnyj, Timur"]
[Result "1/2-1/2"]
[WhiteElo "2131"]
[BlackElo "2238"]
[PlyCount "69"]
[EventDate "2008.11.08"]

1. e4 c5 2. Nf3 d6 3. d4 cxd4 4. Nxd4 Nf6 5. Nc3 g6 6. Be2 Bg7 7. O-O O-O 8.
Bg5 Nc6 9. Nb3 a5 10. a3 Be6 11. Kh1 a4 12. Nd2 d5 13. Qc1 Nxe4 14. Ndxe4 dxe4
15. Nxe4 Nd4 16. Bd3 Bf5 17. Qe3 Ne6 18. Bh6 Bxh6 19. Qxh6 Qd4 20. Rfe1 Bxe4
21. Bxe4 Nc5 22. Qe3 Rad8 23. Bf3 Qxe3 24. Rxe3 Rd2 25. Rc3 b6 26. Kg1 Rfd8 27.
g3 Ne6 28. Bc6 Nd4 29. Kg2 Nxc6 30. Rxc6 Re2 31. b3 Rdd2 32. Rf1 Rxc2 33. Rxb6
Rb2 34. b4 Ra2 35. Kf3 1/2-1/2

[Event "LTU chess league"]
[Site "LTU"]
[Date "2008.11.08"]
[Round "1.35"]
[White "Paulauskiene, Vilma"]
[Black "Potapova, Jelizaveta"]
[Result "1-0"]
[WhiteElo "2097"]
[BlackElo "1946"]
[PlyCount "85"]
[EventDate "2008.11.08"]

1. d4 Nf6 2. c4 e6 3. Nc3 Bb4 4. Nf3 b6 5. Bd2 Bb7 6. e3 O-O 7. Bd3 Bxc3 8.
Bxc3 Ne4 9. Qc2 f5 10. Bb4 d6 11. O-O Nd7 12. Rac1 Ndf6 13. Rfd1 Ng4 14. Be1
Ng5 15. Nd2 Nh3+ 16. gxh3 Qg5 17. h4 Qg6 18. h5 Qxh5 19. Nf1 Rf6 20. d5 Rg6 21.
Ng3 Qxh2+ 22. Kf1 Qxg3 23. fxg3 Nxe3+ 24. Kg1 Nxc2 25. Rxc2 Rf8 26. dxe6 Rxe6
27. Rf2 Rh6 28. Rh2 Rff6 29. Rdd2 Rxh2 30. Rxh2 Bf3 31. Bc3 Rf7 32. Rf2 Bg4 33.
Be2 Bxe2 34. Rxe2 Kf8 35. Kf2 g5 36. Re6 g4 37. Bd2 h5 38. Bh6+ Kg8 39. Ke3 Rh7
40. Bg5 Rd7 41. Kf4 d5 42. Kxf5 dxc4 43. Kg6 1-0

[Event "LTU chess league"]
[Site "LTU"]
[Date "2008.11.08"]
[Round "1.41"]
[White "Zagorskis, Darius"]
[Black "Starostits, Ilmars"]
[Result "0-1"]
[WhiteElo "2509"]
[BlackElo "2480"]
[PlyCount "78"]
[EventDate "2008.11.08"]

1. c4 e6 2. Nc3 d5 3. d4 c6 4. Qb3 dxc4 5. Qxc4 Nf6 6. Bg5 Nbd7 7. Nf3 Qa5 8.
Bd2 Qb4 9. Qxb4 Bxb4 10. g3 O-O 11. Bg2 Nb6 12. Ne4 Be7 13. Nxf6+ gxf6 14. Rc1
Rd8 15. e3 a5 16. O-O e5 17. Rfd1 Be6 18. b3 a4 19. Rb1 axb3 20. axb3 Ra2 21.
Be1 e4 22. Nd2 f5 23. Nc4 Nd5 24. Na5 Rb8 25. Ra1 Rxa1 26. Rxa1 Ra8 27. Rb1 Ra7
28. Bf1 Nb4 29. Nc4 Ra2 30. Bc3 Rc2 31. Be1 b5 32. Nb6 Nd3 33. Bxd3 exd3 34.
Rd1 f4 35. exf4 Bd8 36. Ba5 Bxb6 37. Bxb6 d2 38. Kg2 Bxb3 39. Ba5 Ra2 0-1

[Event "LTU chess league"]
[Site "LTU"]
[Date "2008.11.08"]
[Round "1.42"]
[White "Sarakauskas, Gediminas"]
[Black "Grabliauskas, Virginijus"]
[Result "0-1"]
[WhiteElo "2429"]
[BlackElo "2427"]
[PlyCount "68"]
[EventDate "2008.11.08"]

1. d4 Nf6 2. g3 e6 3. Bg2 c5 4. Nf3 a6 5. c4 cxd4 6. O-O Qc7 7. Bf4 d6 8. Na3
e5 9. Bg5 Be7 10. Nd2 O-O 11. Nc2 Nc6 12. e3 Bg4 13. f3 Bf5 14. exd4 exd4 15.
Nb3 h6 16. Nbxd4 Nxd4 17. Nxd4 Bh7 18. Be3 Qxc4 19. f4 Be4 20. Bxe4 Nxe4 21.
Nf5 Bf6 22. Qg4 Kh7 23. Rad1 Qe6 24. Rfe1 d5 25. Qh5 Bxb2 26. Rb1 Bc3 27. Rb6
Nf6 28. Qh3 Qe4 29. Rc1 Rac8 30. Rxc3 Rxc3 31. Rxf6 Qb1+ 32. Kg2 Rc2+ 33. Bf2
Rxf2+ 34. Kxf2 Qb2+ 0-1

[Event "LTU chess league"]
[Site "LTU"]
[Date "2008.11.08"]
[Round "1.43"]
[White "Bandza, Algirdas"]
[Black "Labeckas, Kestutis"]
[Result "1/2-1/2"]
[WhiteElo "2378"]
[BlackElo "2345"]
[PlyCount "79"]
[EventDate "2008.11.08"]

1. d4 d5 2. c4 c6 3. e3 Nf6 4. Bd3 a6 5. Nf3 b5 6. cxd5 cxd5 7. O-O e6 8. Nbd2
Bb7 9. a4 b4 10. Ne5 Be7 11. Nb3 Nbd7 12. Nxd7 Qxd7 13. Qe2 O-O 14. Bd2 Ne4 15.
Be1 Bc6 16. a5 Ba4 17. Nd2 Nxd2 18. Bxd2 Rfb8 19. Bxa6 Bb5 20. Bxb5 Qxb5 21.
Qxb5 Rxb5 22. Rfc1 g5 23. Kf1 Rbxa5 24. Rxa5 Rxa5 25. Ke2 Ra2 26. Rb1 Kf8 27.
Kd3 Ke8 28. Kc2 Kd7 29. Kb3 Ra8 30. g4 Bd6 31. Rh1 Be7 32. Rg1 h6 33. Rg3 f5
34. f3 Rf8 35. Rh3 fxg4 36. fxg4 Rf2 37. Bxb4 Bxb4 38. Kxb4 Rxb2+ 39. Kc3 Rg2
40. Rxh6 1/2-1/2

[Event "LTU chess league"]
[Site "LTU"]
[Date "2008.11.08"]
[Round "1.44"]
[White "Zickus, Simonas"]
[Black "Novikov, Vitalij"]
[Result "1/2-1/2"]
[WhiteElo "2315"]
[BlackElo "2325"]
[PlyCount "46"]
[EventDate "2008.11.08"]

1. Nf3 Nf6 2. g3 b6 3. Bg2 Bb7 4. O-O e6 5. c4 Be7 6. d4 O-O 7. b3 d5 8. cxd5
Nxd5 9. Bb2 Nd7 10. Nbd2 c5 11. a3 N5f6 12. Rc1 Rc8 13. dxc5 Rxc5 14. Rxc5 Nxc5
15. b4 Nce4 16. Nxe4 Bxe4 17. Ne5 Bxg2 18. Kxg2 Qa8+ 19. f3 Rd8 20. Qc1 Rc8 21.
Qd2 Rd8 22. Qc1 Rc8 23. Qd2 Rd8 1/2-1/2

[Event "LTU chess league"]
[Site "LTU"]
[Date "2008.11.08"]
[Round "1.45"]
[White "Zaksaite, Salomeja"]
[Black "Berzina, Ilza"]
[Result "1/2-1/2"]
[WhiteElo "2211"]
[BlackElo "2320"]
[PlyCount "63"]
[EventDate "2008.11.08"]

1. e4 e5 2. Nf3 Nc6 3. Bb5 g6 4. c3 a6 5. Ba4 d6 6. O-O Bg7 7. h3 Bd7 8. d4
Nge7 9. Re1 O-O 10. Bg5 h6 11. Be3 Kh7 12. Bc2 b6 13. Nbd2 f5 14. exf5 Nxf5 15.
dxe5 Nxe5 16. Bf4 Nxf3+ 17. Nxf3 Qf6 18. Be4 Rae8 19. Qc2 Ne7 20. Bg3 Bf5 21.
Re2 Qf7 22. Rae1 Bd7 23. Nh4 Bf6 24. Bd3 Bxh4 25. Bxh4 Nf5 26. Bxf5 Bxf5 27.
Qa4 Rxe2 28. Rxe2 g5 29. Bg3 a5 30. Qc6 Bg6 31. Re3 Qg7 32. h4 1/2-1/2

[Event "LTU chess league"]
[Site "LTU"]
[Date "2008.11.08"]
[Round "1.51"]
[White "Sulskis, Sarunas"]
[Black "Bucinskas, Valdas"]
[Result "1/2-1/2"]
[WhiteElo "2572"]
[BlackElo "2325"]
[PlyCount "84"]
[EventDate "2008.11.08"]

1. e4 e5 2. Nf3 Nf6 3. d4 exd4 4. e5 Ne4 5. Qxd4 d5 6. exd6 Nxd6 7. Nc3 Nc6 8.
Qf4 Nf5 9. Bb5 Bd6 10. Qe4+ Qe7 11. O-O Bd7 12. Bxc6 bxc6 13. Qxe7+ Bxe7 14.
Ne5 Rd8 15. Nxd7 Kxd7 16. Be3 Nxe3 17. fxe3 Ke6 18. Ne2 Bc5 19. Nd4+ Bxd4 20.
exd4 f6 21. Rae1+ Kf7 22. Rf4 Rhe8 23. Rxe8 Kxe8 24. Kf2 Kf7 25. Ke2 Rb8 26. b3
Ke6 27. Re4+ Kd7 28. a4 Re8 29. Rxe8 Kxe8 30. b4 Ke7 31. h4 f5 32. c4 g6 33.
Kf3 h6 34. Kf4 Kf6 35. a5 g5+ 36. Ke3 Ke6 37. a6 Kd6 38. g3 Ke6 39. Kf2 Kd6 40.
Kf3 Ke6 41. Ke3 Kd6 42. Kd3 Ke6 1/2-1/2

[Event "LTU chess league"]
[Site "LTU"]
[Date "2008.11.08"]
[Round "1.52"]
[White "Mickevicius, Juras"]
[Black "Malisauskas, Vidmantas"]
[Result "1/2-1/2"]
[WhiteElo "2322"]
[BlackElo "2479"]
[PlyCount "67"]
[EventDate "2008.11.08"]

1. d4 Nf6 2. c4 g6 3. Nc3 d5 4. cxd5 Nxd5 5. e4 Nxc3 6. bxc3 Bg7 7. Bg5 c5 8.
Rc1 cxd4 9. cxd4 Nc6 10. d5 Ne5 11. Bb5+ Bd7 12. Bxd7+ Qxd7 13. Nf3 O-O 14. O-O
Rfc8 15. Nxe5 Bxe5 16. Qb3 Rxc1 17. Rxc1 Rc8 18. Rxc8+ Qxc8 19. g3 Bd6 20. Be3
b6 21. Kg2 h5 22. f4 Qa6 23. Qc2 Bc5 24. Bc1 Qb5 25. e5 Qb4 26. Qd3 Qe1 27. Bd2
Qg1+ 28. Kh3 Qd1 29. Kg2 g5 30. fxg5 Bb4 31. e6 Bxd2 32. exf7+ Kxf7 33. Qf5+
Ke8 34. Qc8+ 1/2-1/2

[Event "LTU chess league"]
[Site "LTU"]
[Date "2008.11.08"]
[Round "1.53"]
[White "Beinoras, Mindaugas"]
[Black "Limontas, Martynas"]
[Result "1/2-1/2"]
[WhiteElo "2434"]
[BlackElo "2282"]
[PlyCount "63"]
[EventDate "2008.11.08"]

1. d4 Nf6 2. c4 e6 3. Nf3 c5 4. d5 exd5 5. cxd5 Bd6 6. Nc3 O-O 7. Bg5 Re8 8. e3
Bc7 9. d6 Ba5 10. Bc4 h6 11. Bh4 g5 12. Nxg5 hxg5 13. Bxg5 Nc6 14. Qf3 Ne5 15.
Qg3 Ne4 16. Bxd8+ Nxg3 17. hxg3 Rxd8 18. Bd5 Rb8 19. Rh5 Ng6 20. O-O-O Bxc3 21.
bxc3 Kg7 22. Rf5 Rf8 23. f4 b6 24. Rg5 Kf6 25. e4 Bb7 26. e5+ Nxe5 27. Rxe5
Bxd5 28. Rdxd5 Rg8 29. Rf5+ Ke6 30. Rfe5+ Kf6 31. Rf5+ Ke6 32. Rfe5+ 1/2-1/2

[Event "LTU chess league"]
[Site "LTU"]
[Date "2008.11.08"]
[Round "1.54"]
[White "Lipskij, Valerij"]
[Black "Vaznonis, Vytautas"]
[Result "0-1"]
[WhiteElo "2131"]
[BlackElo "2386"]
[PlyCount "120"]
[EventDate "2008.11.08"]

1. c4 c6 2. Nc3 d5 3. cxd5 cxd5 4. d4 Nf6 5. Nf3 Nc6 6. Bf4 Bf5 7. e3 e6 8. Bd3
Bxd3 9. Qxd3 Bb4 10. O-O O-O 11. a3 Bxc3 12. Qxc3 Ne4 13. Qb3 g5 14. Bg3 g4 15.
Ne5 Nxe5 16. Bxe5 f6 17. Bf4 Nd2 18. Qxb7 Nxf1 19. Rxf1 Qb6 20. Qxb6 axb6 21.
Bc7 Rfc8 22. Bxb6 Rab8 23. Bc5 Rxb2 24. h3 gxh3 25. g3 Rcb8 26. Kh2 Rb1 27.
Rxb1 Rxb1 28. Kxh3 Rb2 29. Kg2 h5 30. Kf3 Kf7 31. Kg2 e5 32. Bb4 e4 33. Bc5 Ke6
34. Bb4 Kf5 35. Be7 Ra2 36. Kg1 Kg4 37. Kg2 f5 38. Bd6 h4 39. gxh4 Kxh4 40.
Be7+ Kg4 41. Bd6 Ra1 42. Be5 Rxa3 43. Bf4 Ra6 44. Be5 Rg6 45. Bf4 Kh4+ 46. Kh2
Rg4 47. Bd6 Kg5 48. Be7+ Kg6 49. Kh3 Kf7 50. Bd6 Ke6 51. Be5 Kd7 52. Bg3 Kc6
53. Kg2 Kb5 54. f3 Rg8 55. fxe4 fxe4 56. Kf2 Kc4 57. Bf4 Kd3 58. Kf1 Kd2 59.
Kf2 Rg7 60. Kf1 Rf7 0-1

[Event "LTU chess league"]
[Site "LTU"]
[Date "2008.11.08"]
[Round "1.55"]
[White "Beinoraite, Viktorija"]
[Black "Petkeviciute, Justina"]
[Result "1-0"]
[WhiteElo "2051"]
[BlackElo "1812"]
[PlyCount "65"]
[EventDate "2008.11.08"]

1. d4 d5 2. c4 e6 3. Nc3 Nf6 4. cxd5 exd5 5. Bg5 Be7 6. e3 c6 7. Bd3 Bg4 8. Qc2
Nbd7 9. Nge2 Bxe2 10. Qxe2 O-O 11. O-O Re8 12. f3 Nf8 13. Bh4 Ne6 14. Rad1 Bd6
15. Qf2 Be7 16. Bb1 Nh5 17. Bxe7 Qxe7 18. Rfe1 g6 19. e4 dxe4 20. fxe4 Nc7 21.
Rf1 Rf8 22. a3 Rad8 23. Ba2 Ng7 24. e5 Nce6 25. Ne4 Ne8 26. Qe3 Qh4 27. Rf3 Kg7
28. Rdf1 Rxd4 29. Bxe6 Rxe4 30. Rxf7+ Rxf7 31. Rxf7+ Kh8 32. Rf8+ Kg7 33. Rg8#
1-0

[Event "LTU chess league"]
[Site "LTU"]
[Date "2008.11.09"]
[Round "2.11"]
[White "Sulskis, Sarunas"]
[Black "Zagorskis, Darius"]
[Result "1/2-1/2"]
[WhiteElo "2572"]
[BlackElo "2509"]
[PlyCount "51"]
[EventDate "2008.11.08"]

1. e4 d6 2. d4 Nf6 3. f3 e5 4. d5 g6 5. c4 h5 6. Nc3 Bh6 7. Bxh6 Rxh6 8. Qd2
Rh8 9. c5 Kf8 10. f4 Nbd7 11. c6 bxc6 12. dxc6 Nc5 13. fxe5 Nfxe4 14. Qd4 Bf5
15. exd6 Qxd6 16. Qxh8+ Ke7 17. Qh6 Qd4 18. Qf4 g5 19. Nd5+ Kf8 20. Qe3 Qxd5
21. Rd1 Qxa2 22. Qd4 Re8 23. Qh8+ Ke7 24. Qe5+ Kf8 25. Qh8+ Ke7 26. Qe5+
1/2-1/2

[Event "LTU chess league"]
[Site "LTU"]
[Date "2008.11.09"]
[Round "2.12"]
[White "Grabliauskas, Virginijus"]
[Black "Malisauskas, Vidmantas"]
[Result "1/2-1/2"]
[WhiteElo "2427"]
[BlackElo "2479"]
[PlyCount "56"]
[EventDate "2008.11.08"]

1. d4 Nf6 2. c4 g6 3. Nc3 d5 4. cxd5 Nxd5 5. e4 Nxc3 6. bxc3 Bg7 7. Bb5+ Bd7 8.
Be2 c5 9. Nf3 Bg4 10. Rb1 Nc6 11. Rxb7 O-O 12. d5 Bxf3 13. gxf3 Bxc3+ 14. Kf1
Nd4 15. Kg2 Qd6 16. Bc4 Rfb8 17. Rxb8+ Rxb8 18. Bg5 Ba5 19. Qa4 Qe5 20. h4 Bc7
21. Qd7 h6 22. Bxe7 Nxf3 23. Bd3 Qf4 24. Qh3 Ne5 25. Rb1 Nxd3 26. Rxb8+ Bxb8
27. Qxd3 c4 28. Qxc4 Qg4+ 1/2-1/2

[Event "LTU chess league"]
[Site "LTU"]
[Date "2008.11.09"]
[Round "2.13"]
[White "Beinoras, Mindaugas"]
[Black "Bandza, Algirdas"]
[Result "1/2-1/2"]
[WhiteElo "2434"]
[BlackElo "2378"]
[PlyCount "53"]
[EventDate "2008.11.08"]

1. d4 Nf6 2. c4 e6 3. Nf3 b6 4. g3 Ba6 5. Qb3 c6 6. Bg2 d5 7. cxd5 cxd5 8. Nc3
Be7 9. O-O O-O 10. Rd1 Nc6 11. Qa4 Bb7 12. Ne5 Rc8 13. Bf4 a6 14. Nxc6 Rxc6 15.
Be5 b5 16. Qb3 Rc4 17. Bxf6 Bxf6 18. e3 Be7 19. Bf1 Rc8 20. Rdc1 Qa5 21. Ne2
Bd6 22. Rxc8 Rxc8 23. Rc1 Rc4 24. Nc3 Rc6 25. Ne2 Rc4 26. Nc3 Rc6 27. Ne2
1/2-1/2

[Event "LTU chess league"]
[Site "LTU"]
[Date "2008.11.09"]
[Round "2.15"]
[White "Beinoraite, Viktorija"]
[Black "Zaksaite, Salomeja"]
[Result "0-1"]
[WhiteElo "2051"]
[BlackElo "2211"]
[PlyCount "70"]
[EventDate "2008.11.08"]

1. d4 d5 2. c4 dxc4 3. e4 e5 4. Nf3 exd4 5. Bxc4 Bb4+ 6. Bd2 Bxd2+ 7. Nbxd2 c5
8. e5 Nh6 9. Ne4 O-O 10. O-O b6 11. Nfg5 Nc6 12. f4 Na5 13. Qc2 Bf5 14. Rad1
Kh8 15. h3 Qe7 16. g4 Nxc4 17. Qxc4 Bxe4 18. Nxe4 f5 19. Nf2 fxg4 20. Nxg4 Qh4
21. Rd2 Nxg4 22. hxg4 Rxf4 23. Rxf4 Qg3+ 24. Rg2 Qxf4 25. Qd5 Re8 26. Rf2 Qxg4+
27. Kf1 h6 28. Re2 Qe6 29. Qe4 Rd8 30. Qh4 Rf8+ 31. Kg1 Rf5 32. Rg2 Qxe5 33.
Qd8+ Kh7 34. Qh4 g6 35. Rf2 Qe3 0-1

[Event "LTU chess league"]
[Site "LTU"]
[Date "2008.11.09"]
[Round "2.21"]
[White "Bucinskas, Valdas"]
[Black "Asauskas, Henrikas"]
[Result "1/2-1/2"]
[WhiteElo "2325"]
[BlackElo "2323"]
[PlyCount "143"]
[EventDate "2008.11.08"]

1. e4 c5 2. Nf3 d6 3. d4 cxd4 4. Nxd4 Nf6 5. Nc3 g6 6. f3 Bg7 7. Be3 a6 8. Qd2
b5 9. a4 b4 10. Na2 a5 11. c3 bxc3 12. Nxc3 O-O 13. Bc4 Ba6 14. Bb5 e6 15. O-O
Nfd7 16. Rfd1 Nc5 17. Ra3 Qe7 18. Nb3 Nb7 19. Bb6 Bxb5 20. axb5 Nd7 21. Bxa5
Ne5 22. Qe2 Nxa5 23. Nxa5 Qc7 24. Rda1 Rfc8 25. Kh1 Bh6 26. g3 Kg7 27. f4 Nd7
28. Nc6 Rxa3 29. Rxa3 Qb6 30. Ra6 Qc5 31. Kg2 e5 32. f5 Nf6 33. h3 Re8 34. fxg6
hxg6 35. Qd3 d5 36. Nxd5 Nxd5 37. exd5 Qc1 38. Kf2 Qxb2+ 39. Qe2 Qc3 40. Kg2
Qc5 41. Qd3 Qc1 42. Ra2 Be3 43. Qf1 Qc5 44. Qd3 Bd4 45. Qb3 Qc1 46. Nxd4 exd4
47. Qc2 Qg5 48. Qc4 Re4 49. Rf2 Qe5 50. d6 f5 51. Qc7+ Kh6 52. Qd8 Re3 53. Qh4+
Kg7 54. Qe7+ Qxe7 55. dxe7 Rxe7 56. Rb2 Kf6 57. Kf3 Rb7 58. b6 Ke5 59. Ke2 Ke4
60. Rb4 g5 61. h4 gxh4 62. gxh4 f4 63. h5 f3+ 64. Kf2 Kd3 65. h6 Kc3 66. Rb5 d3
67. Ke3 Re7+ 68. Kxf3 d2 69. Rd5 Kc2 70. Rc5+ Kd3 71. Rd5+ Kc2 72. Rc5+ 1/2-1/2